00591nam a22001575i 4500001000700000003000900007005001700016008004100033040003000074245012000104260004200224300002600266650003300292710003400325852007400359165936ES-MaACL20230906213231.0030227s1870 xxk |||| | eng d aCCPB | B bspa cCCPB | B00aSystems of land tenure in various countries b: a series of essays published under the sanction of the Cobden Club. aLondon : bMacmillan and Co., c1870. aVI, 420 p. ; c22 cm. 4aTierra-xPropiedad (Derecho)2 aCobden Club (London, England) aES-MaACLjC-2447 z-- Enc. tela z-- Este ejemp. tiene VI, 420, 39 p.